Southville International School and Colleges
Your cart is empty.
  • Cart
  • Lists
    Public lists Eva Luna New books Lux_list list_1
    Your lists Log in to create your own lists
  • Log in to your account
  • Your cookies
  • Search history
Southville International School and Colleges
  • Advanced search
  • Recent comments
  • Most popular
  • Libraries

Log in to your account

Log in with GOOGLE


If you do not have an external account, but do have a local account, you can still log in:

  1. Home
  2. MARC view: Chicken said, "cluck!" /
Normal view MARC view ISBD view

Chicken said, "cluck!" / (Record no. 359967)

[ view plain ]
MARC details
000 -LEADER
fixed length control field 00708nam a2200277Ia 4500
008 - FIXED-LENGTH DATA ELEMENTS--GENERAL INFORMATION
fixed length control field 181129s9999 xx 000 0 und d
020 ## - INTERNATIONAL STANDARD BOOK NUMBER
International Standard Book Number 9780545239783
050 ## - LIBRARY OF CONGRESS CALL NUMBER
Item number G762 2008
100 ## - MAIN ENTRY--PERSONAL NAME
Personal name Grant, Judyann Ackerman
245 #0 - TITLE STATEMENT
Title Chicken said, "cluck!" /
245 #0 - TITLE STATEMENT
Statement of responsibility, etc by Judyanne Ackerman Grant ; pictures by Sue Truesdell.
260 ## - PUBLICATION, DISTRIBUTION, ETC. (IMPRINT)
Place of publication, distribution, etc New York, NY :
260 ## - PUBLICATION, DISTRIBUTION, ETC. (IMPRINT)
Name of publisher, distributor, etc Scholastic,
260 ## - PUBLICATION, DISTRIBUTION, ETC. (IMPRINT)
Date of publication, distribution, etc 2008
300 ## - PHYSICAL DESCRIPTION
Extent 32 pages :
300 ## - PHYSICAL DESCRIPTION
Other physical details color illustrations ;
300 ## - PHYSICAL DESCRIPTION
Dimensions 23cm.
440 ## - SERIES STATEMENT/ADDED ENTRY--TITLE
Title My first shared reading.
500 ## - GENERAL NOTE
General note 70L
650 ## - SUBJECT ADDED ENTRY--TOPICAL TERM
Topical term or geographic name as entry element Chickens.
650 ## - SUBJECT ADDED ENTRY--TOPICAL TERM
Topical term or geographic name as entry element Gardening.
650 ## - SUBJECT ADDED ENTRY--TOPICAL TERM
Topical term or geographic name as entry element Grasshopper.
700 ## - ADDED ENTRY--PERSONAL NAME
Personal name Series.
700 ## - ADDED ENTRY--PERSONAL NAME
Personal name Title.
700 ## - ADDED ENTRY--PERSONAL NAME
Personal name Truesdell, Sue.
Holdings
Withdrawn status Lost status Damaged status Home library Current library Shelving location Date acquired Total Checkouts Full call number Barcode Date last seen Price effective from Koha item type
      Stonyhurst Southville International School (Malarayat) Stonyhurst Southville International School (Malarayat)   11/29/2018   LEX G762 2008 SSISM5761 11/29/2018 11/29/2018 Lexile

Chicken said, "cluck!" /

APA

Grant J. A., Series, Title & Truesdell S.Chicken said, "cluck!". New York, NY: .

Chicago

Grant Judyann Ackerman, Series, Title and Truesdell Sue.Chicken said, "cluck!". New York, NY: .

Harvard

Grant J. A., Series, Title and Truesdell S.Chicken said, "cluck!". New York, NY: .

MLA

Grant Judyann Ackerman, Series, Title and Truesdell Sue.New York, NY: . .

  • Place hold
  • Print
  • Cite
  • Add to your cart (remove)
  • Save record
    BIBTEX Dublin Core MARCXML MARC (non-Unicode/MARC-8) MARC (Unicode/UTF-8) MARC (Unicode/UTF-8, Standard) MODS (XML) RIS
  • More searches
    Search for this title in:
    Other Libraries (WorldCat) Other Databases (Google Scholar) Online Stores (Bookfinder.com) Open Library (openlibrary.org)

Exporting to Dublin Core...

SOUTHVILLE LIBRARY

Southville International School and Colleges Library

1281 Tropical Ave. Cor. Luxembourg St., BF Homes International, Las Pinas City

Tel. No. 8256374 / 252358 Loc. 117/146

Powered by Koha